000 02962nam0a2200337 4500
001 RU\NLR\BIBL_A\016234120
005 20230208171841.0
010 _a978-5-91878-591-1
_91500
021 _aRU
_bКН-П-22-082722
_9КН-П-22-7282
035 _a(NLR Aleph) 016234120
035 _a(RuMoRGB)011401814
090 _a12776286
_c12776286
100 _a20221209d2022 m y0rusy50 ca
101 1 _arus
_ceng
102 _aRU
105 _ay z 000ay
200 1 _aЛегион памяти
_eполное собрание рассказов из серии "Пространство"
_fДжеймс Кори
_gперевод с английского Галины Соловьевой
210 _aСанкт-Петербург
_cФантастика Книжный клуб
_d2022
215 _a493, [1] с.
_d22
225 1 _aScience fiction
225 1 _aFantastika
327 1 _aСодерж.: Двигатель; Палач станции Андерсон; Боги риска; Маслобойка; Пропасть выживания; Чужие собаки; Оберон; Грехи отцов наших
330 _aОт "Пробуждения Левиафана" до "Падения Левиафана" - девять отмеченных премией "Хьюго" романов Дж. Кори из серии "Пространство" изменили представления о космоопере. А теперь перед вами сборник повестей и рассказов из этой же серии, в том числе свежайшая история, события которой происходят после "Падения Левиафана". Марсианский ученый испытывает новый двигатель, способный со временем доставить человечество к звездам. Заключенные на астероидной станции не ведают о нависшей над ними угрозе. На измученной перенаселением, загрязнением среды и нищетой Земле будущего криминальный босс ищет выхода за пределы планеты. Человеческая семья в чуждом мире работает над укреплением колонии, пытаясь построить для себя новую родину. Эти и другие сюжеты сборника разворачиваются в суровом мире "Пространства". Не пропустите!
333 _a16+
686 1 _aШ6(7США)67-445{Лх1979-62}
700 1 _aКори
_bД. С. А.
_cколлект. псевдоним
_gДжеймс С. А.
_3RU\NLR\AUTH\770134608
942 _cBOOK
980 _aNB